| 000 | 00952nam a22002654i 4500 | ||
|---|---|---|---|
| 999 |
_c7905 _d7905 |
||
| 001 | 991061127972206706 | ||
| 003 | OSt | ||
| 005 | 20240604111709.0 | ||
| 008 | 240509e202404 spc |||gr|||| 000 0 spa|c | ||
| 017 |
_aDL B 6915-2024 _bBiblioteca de Catalunya |
||
| 020 | _a9788411660396 | ||
| 040 |
_aES-BaUOC _bcat _erda _cCDMR |
||
| 100 | 1 | _aPicola Meix, Josep Maria, | |
| 245 | 1 | 1 |
_a¿Nueva televisión? Nueva comunicación : _bel impacto de los cambios del consumo audiovisual en las formas de comunicar / _cJosep Maria Picola Meix ; prólogo de Ana Palencia |
| 264 | 1 |
_aBarcelona : _bFundació Universitat Oberta de Catalunya, _c2024 |
|
| 300 |
_a209 pàgines ; _c24 cm |
||
| 490 | 1 |
_aDircom ; _v19 |
|
| 504 | _aBibliografia | ||
| 650 | 7 |
_aComunicació audiovisual _2lemac _xAspectes socials |
|
| 650 | 0 |
_aTelevisió _2lemac _91190 _xAspectes socials |
|
| 830 | 0 |
_aDircom colección ; _v19 |
|
| 908 |
_aUOC _aFILMO |
||
| 940 | _aUOC | ||
| 942 |
_2udc _cMON |
||